000 00461cam a2200205ua 4500
001 8610
005 20260515114344.0
008 150210n ii |||gr||||Z||||||eng
020 _a0195611756
040 _cMAIN
041 _aeng
082 _a414
245 1 _aExercises in spoken english
_bVowels
250 _a1st.
260 _aDelhi:
_bOxford,
_c1993.
300 _ax,96p.
653 _aPhonology & phonetics
653 _aSpoken english
942 _cBK
999 _c7704
_d7704